| 000 | 00983nam a22002531a 4500 | ||
|---|---|---|---|
| 003 | OSt | ||
| 005 | 20110718133352.0 | ||
| 008 | 091005s1993 001 0 eng d | ||
| 020 | _c0.00 | ||
| 040 |
_aNEGST Library - Kenya _bDLC _cDLC _dDLC |
||
| 050 | 4 | _aREF BS 325.D36 1993 | |
| 100 | 1 |
_aInternational Bible Society. _97990 |
|
| 245 | 1 | 1 | _a'Wun -se -nao 'o go -zlan 'pio -a 'seedh. |
| 260 |
_aAbidjan : _bSociete Biblique Interna, _c1993. |
||
| 300 | _aviii, 737p. : il. | ||
| 500 | _a"Le Nouveau Testament en dan blowo (yacouba) de Cote d'Ivoire." - T.p. verso. Includes maps. Cover title: 'Wun -se -nao 'seedhe. [Africana] | ||
| 600 | 1 | 0 |
_aBible. N.T. Dan Blowo (Yacouba). 1992. _97991 |
| 600 | 1 | 0 |
_aDan Blowo (Yacouba) - Texts. _97992 |
| 600 | 1 | 0 |
_aDan language - Texts. _97993 |
| 700 | 1 |
_aAssociation Ivoirienne pour la Traductio. _97994 |
|
| 942 |
_2lcc _cART |
||
| 999 |
_c40840 _d40840 |
||